[Event "CZE-chT 0809"]
[Site "Czech Republic"]
[Date "2009.03.22"]
[Round "11.7"]
[White "Mirumian, Vigen"]
[Black "Pertlova, Sona"]
[Result "1-0"]
[WhiteElo "2508"]
[BlackElo "2217"]
[PlyCount "71"]
[EventDate "2008.11.08"]
[EventType "team-tourn"]
[EventRounds "11"]
[EventCountry "CZE"]
[SourceTitle "EXT 2010"]
[Source "ChessBase"]
[SourceDate "2010.11.25"]
[SourceVersion "1"]
[SourceVersionDate "2010.11.25"]
[SourceQuality "1"]
[WhiteTeam "Pardubice"]
[BlackTeam "Trinec II"]
[WhiteTeamCountry "CZE"]
[BlackTeamCountry "CZE"]

1. Nf3 c5 2. g3 Nc6 3. Bg2 g6 4. c3 Bg7 5. d4 cxd4 6. cxd4 d5 7. Nc3 Nf6 8. Ne5 Nxe5 9. dxe5 Ng4 10. Nxd5 Nxe5 11. Bg5 Nc6 12. 0-0 h6 13. Be3 0-0 14. Qb3 e6 15. Nc3 Nd4 16. Bxd4 Bxd4 17. e3 Bg7 18. Qa3 Qc7 19. Rac1 Bd7 20. Nd5 Qd8 21. Ne7+ Kh7 22. Rfd1 Bf6 23. Nxg6 fxg6 24. Bxb7 Rb8 25. Qxa7 Rf7 26. a4 Qe8 27. b3 Bxa4 28. bxa4 Rfxb7 29. Qa6 Rf7 30. Rc6 Ra8 31. Qc4 Re7 32. Rdd6 Bg7 33. Qe4 Qf7 34. h4 h5 35. Rc5 Kh6 36. Qxa8 1-0

[Event "CZE-chT1W 0809"]
[Site "Czech Republic"]
[Date "2009.03.15"]
[Round "10.4"]
[White "Pokrupa, Marek"]
[Black "Pertlova, Sona"]
[Result "1/2-1/2"]
[WhiteElo "2174"]
[BlackElo "2239"]
[PlyCount "59"]
[EventDate "2008.10.19"]
[EventType "team-tourn"]
[EventRounds "11"]
[EventCountry "CZE"]
[SourceTitle "EXT 2010"]
[Source "ChessBase"]
[SourceDate "2010.11.25"]
[SourceVersion "1"]
[SourceVersionDate "2010.11.25"]
[SourceQuality "1"]
[WhiteTeam "Plzen Letna"]
[BlackTeam "Novoborsky II"]
[WhiteTeamCountry "CZE"]
[BlackTeamCountry "CZE"]

1. e4 c5 2. Nf3 e6 3. c3 Nf6 4. e5 Nd5 5. d4 cxd4 6. Qxd4 Nc6 7. Qe4 d6 8. Nbd2 Qc7 9. exd6 Bxd6 10. Nc4 Be7 11. Bg5 Bxg5 12. Nxg5 h6 13. Nf3 0-0 14. g3 b5 15. Nce5 Bb7 16. Nxc6 Bxc6 17. Nd4 Bb7 18. Bg2 Rab8 19. 0-0 Nxc3 20. Nxe6 Bxe4 21. Nxc7 Ne2+ 22. Kh1 Bxg2+ 23. Kxg2 Rfc8 24. Nd5 Rc2 25. Rab1 Rd8 26. Rfd1 Kf8 27. Kf1 Rd6 28. Rd3 Rc1+ 29. Rxc1 Nxc1 30. Rc3 1/2-1/2

[Event "CZE-chT1W 0809"]
[Site "Czech Republic"]
[Date "2008.11.30"]
[Round "4.4"]
[White "Pertlova, Sona"]
[Black "Schula, Michal"]
[Result "1/2-1/2"]
[WhiteElo "2239"]
[BlackElo "2312"]
[PlyCount "95"]
[EventDate "2008.10.19"]
[EventType "team-tourn"]
[EventRounds "11"]
[EventCountry "CZE"]
[SourceTitle "EXT 2010"]
[Source "ChessBase"]
[SourceDate "2010.11.25"]
[SourceVersion "1"]
[SourceVersionDate "2010.11.25"]
[SourceQuality "1"]
[WhiteTeam "Novoborsky II"]
[BlackTeam "Vrsovice"]
[WhiteTeamCountry "CZE"]
[BlackTeamCountry "CZE"]

1. d4 f5 2. Nf3 Nf6 3. g3 g6 4. b3 Bg7 5. Bb2 0-0 6. Bg2 d6 7. 0-0 Qe8 8. Nbd2 Nc6 9. Re1 e5 10. dxe5 dxe5 11. e4 f4 12. Qe2 Nh5 13. Qc4+ Be6 14. Qc3 Rd8 15. Nc4 h6 16. Rad1 Rxd1 17. Rxd1 Bg4 18. Rd3 Qe6 19. Qd2 Kh7 20. a4 a6 21. Na5 fxg3 22. hxg3 Nxa5 23. Qxa5 Qc6 24. Rc3 Qd6 25. Rd3 Qc6 26. Qd2 Qe6 27. Qe3 Rf7 28. Rd5 c6 29. Rd3 Bf6 30. Qc5 Bxf3 31. Bxf3 Ng7 32. Kg2 Ne8 33. Rd1 Kg7 34. Be2 Re7 35. Bc4 Qc8 36. b4 Qc7 37. Bb3 b5 38. c4 bxa4 39. Bxa4 Re6 40. Qe3 Bg5 41. Qe2 Nd6 42. c5 Nb5 43. Qg4 Re7 44. f4 Bf6 45. f5 Bg5 46. fxg6 Nd4 47. Rf1 Qd7 48. Qxd7 1/2-1/2

[Event "Olympiad Women-38"]
[Site "Dresden"]
[Date "2008.11.23"]
[Round "10"]
[White "Skinke, Katrina"]
[Black "Pertlova, Sona"]
[Result "1-0"]
[WhiteElo "2186"]
[BlackElo "2239"]
[PlyCount "89"]
[EventDate "2008.11.13"]
[EventType "team-swiss"]
[EventRounds "11"]
[EventCountry "GER"]
[SourceTitle "CBM 128"]
[Source "ChessBase"]
[SourceDate "2009.01.28"]
[SourceVersion "1"]
[SourceVersionDate "2009.01.28"]
[SourceQuality "1"]
[WhiteTeam "Latvia (W)"]
[BlackTeam "Czech Republic (W)"]
[WhiteTeamCountry "LAT"]
[BlackTeamCountry "CZE"]

1. e4 c5 2. Nf3 e6 3. d4 cxd4 4. Nxd4 Nc6 5. Nc3 a6 6. Be2 Qc7 7. Be3 Nf6 8. 0-0 Bb4 9. Bd3 0-0 10. a3 Bxc3 11. bxc3 d5 12. Nxc6 bxc6 13. Bc5 Re8 14. Qe2 e5 15. c4 d4 16. Bb4 Bg4 17. f3 Be6 18. Bd2 Nd7 19. f4 f6 20. f5 Bf7 21. Qg4 Kh8 22. Rf3 Bg8 23. Rg3 Nc5 24. Bb4 Nb7 25. Qh4 a5 26. Bd2 Nc5 27. Be2 Reb8 28. Bh6 Rb7 29. Bxg7+ Qxg7 30. Rxg7 Kxg7 31. Bd3 Rab8 32. Qe1 a4 33. Qd1 Rb2 34. h4 Kf8 35. g4 Bf7 36. g5 Ke7 37. Kh1 Rg8 38. Qc1 Rgb8 39. gxf6+ Kd6 40. Qd2 R8b3 41. Qh6 Rb8 42. Rg1 Ra2 43. Qg7 Nxd3 44. Qxf7 Nf2+ 45. Kg2 1-0

[Event "Olympiad Women-38"]
[Site "Dresden"]
[Date "2008.11.16"]
[Round "4"]
[White "Pertlova, Sona"]
[Black "Real Pereyra, Diana Carime"]
[Result "1-0"]
[WhiteElo "2239"]
[BlackElo "1766"]
[PlyCount "75"]
[EventDate "2008.11.13"]
[EventType "team-swiss"]
[EventRounds "11"]
[EventCountry "GER"]
[SourceTitle "CBM 128"]
[Source "ChessBase"]
[SourceDate "2009.01.28"]
[SourceVersion "1"]
[SourceVersionDate "2009.01.28"]
[SourceQuality "1"]
[WhiteTeam "Czech Republic (W)"]
[BlackTeam "Mexico (W)"]
[WhiteTeamCountry "CZE"]
[BlackTeamCountry "MEX"]

1. d4 d5 2. c4 e6 3. Nf3 f5 4. g3 c6 5. Bg2 Nf6 6. 0-0 Bd6 7. b3 0-0 8. Bb2 Ne4 9. Nfd2 Bd7 10. Nxe4 fxe4 11. f3 exf3 12. exf3 Be8 13. Qe2 Bf7 14. f4 Nd7 15. Nd2 Nf6 16. Nf3 Ne4 17. Ne5 Bxe5 18. dxe5 Bg6 19. Rad1 Qa5 20. Bd4 b5 21. Bh3 Rae8 22. cxd5 cxd5 23. Rc1 Qa6 24. a4 Qb7 25. axb5 Bf7 26. Rc6 Rc8 27. Rfc1 Kh8 28. Qc2 Rb8 29. Bf1 Qe7 30. Rc7 Qb4 31. Bxa7 Ra8 32. Be3 h6 33. b6 Ra3 34. b7 Kg8 35. Bc5 Nxc5 36. Qxc5 Rxb3 37. Qxb4 Rxb4 38. Ba6 1-0

[Event "CZE-chT1W 0809"]
[Site "Czech Republic"]
[Date "2008.11.02"]
[Round "2.6"]
[White "Pertlova, Sona"]
[Black "Simunek, Filip"]
[Result "1-0"]
[WhiteElo "2239"]
[BlackElo "2139"]
[PlyCount "89"]
[EventDate "2008.10.19"]
[EventType "team-tourn"]
[EventRounds "11"]
[EventCountry "CZE"]
[SourceTitle "EXT 2010"]
[Source "ChessBase"]
[SourceDate "2010.11.25"]
[SourceVersion "1"]
[SourceVersionDate "2010.11.25"]
[SourceQuality "1"]
[WhiteTeam "Novoborsky II"]
[BlackTeam "Plzen"]
[WhiteTeamCountry "CZE"]
[BlackTeamCountry "CZE"]

1. d4 f5 2. g3 Nf6 3. Nf3 g6 4. b3 Bg7 5. Bb2 0-0 6. Bg2 d6 7. 0-0 Qe8 8. Nbd2 h6 9. Re1 Ne4 10. c4 c5 11. Qc2 Nc6 12. d5 Nxd2 13. Qxd2 Ne5 14. Nxe5 dxe5 15. Qe3 f4 16. Qxc5 Qd8 17. Qb4 a5 18. Qd2 Ra6 19. c5 g5 20. Red1 Bf5 21. d6 e4 22. Bxg7 Kxg7 23. Bxe4 exd6 24. Bxb7 Ra7 25. Qd4+ Rf6 26. c6 Qb8 27. Rac1 Kf7 28. Qd5+ Kg7 29. Qd4 Kf7 30. Ba6 Qc7 31. Bb7 Qb8 32. Ba6 Qc7 33. Bc4+ Be6 34. Qxd6 Bxc4 35. Qxc7+ Rxc7 36. Rd7+ Rxd7 37. cxd7 Rd6 38. Rxc4 Rxd7 39. gxf4 Rd2 40. Ra4 Rd5 41. e4 Rd1+ 42. Kg2 gxf4 43. Rxa5 Ke6 44. a4 Rd3 45. Rb5 1-0

[Event "Wch U20 Girls"]
[Site "Gaziantep"]
[Date "2008.08.14"]
[Round "12"]
[White "Muminova, Nafisa"]
[Black "Pertlova, Sona"]
[Result "1-0"]
[WhiteElo "2242"]
[BlackElo "2217"]
[PlyCount "99"]
[EventDate "2008.08.03"]
[EventType "swiss"]
[EventRounds "13"]
[EventCountry "TUR"]
[SourceTitle "CBM 125 Extra"]
[Source "ChessBase"]
[SourceDate "2008.09.01"]
[SourceVersion "1"]
[SourceVersionDate "2008.09.01"]
[SourceQuality "1"]

1. e4 c5 2. b3 b6 3. Bb2 Bb7 4. Nc3 e6 5. Nf3 Nc6 6. d4 cxd4 7. Nxd4 a6 8. Qd2 Nf6 9. 0-0-0 Qc7 10. Nf3 Be7 11. Kb1 d6 12. h3 0-0 13. g4 Ne5 14. Qe3 Nxf3 15. Qxf3 d5 16. Bg2 Rac8 17. Ka1 Bb4 18. Ne2 Nxe4 19. Nd4 Nc3 20. Rc1 Ba8 21. Qd3 b5 22. Ne2 Qa5 23. Nxc3 Bxc3 24. f4 b4 25. Rcd1 Bxb2+ 26. Kxb2 Rc3 27. Qf1 Rfc8 28. Rd2 R8c5 29. Kb1 Qc7 30. Qf2 a5 31. f5 e5 32. f6 e4 33. Re1 h6 34. fxg7 Qe5 35. Rf1 Qxg7 36. Qf4 Bb7 37. Rdf2 Rc7 38. Qd6 Qf8 39. Qe5 Ba6 40. Re1 Bb7 41. g5 Qe7 42. Qd4 hxg5 43. h4 gxh4 44. Bf3 f6 45. Rg1+ Kh7 46. Rh2 f5 47. Qe5 R3c6 48. Qxf5+ Kh8 49. Qh5+ Qh7 50. Qe8+ 1-0